• 首页
  • 本馆介绍
  • 公告通知
  • 最新文献
  • 馆藏检索
  • 电子资源
  • 读者导购
  • 参考咨询
  • 我的图书馆
  • 登录
  • 详细信息显示
  • 放入我的书架
  • 预约/预借图书
  • 作者相关作品
  • 分类相关作品
  • 丛书相关作品
  • 出版社相关作品

书目信息

  • 表格格式
  • 工作单格式
  • 卡片格式
题名:
Access 2010数据库程序设计实践教程
    
 
作者: 梁银山 , 顾煜新 主编
分册:  
出版信息: 北京   中国水利水电出版社  2016.2
页数: 223页
开本: 26cm
丛书名:
单 册:
中图分类: TP311.132.3 , TP311.138AC
科图分类:
主题词:
电子资源:
ISBN: 978-7-5170-4098-9
000 01145nam0 2200265 450
001 0400002291
005 20171020160810.0
010    @a978-7-5170-4098-9@dCNY30.00
100    @a20150920e20172016em y0chiy50 ea
101 0  @achi
102    @aCN@b110000
105    @ay zq 000yy
106    @ar
200 1  @aAccess 2010数据库程序设计实践教程@9Access 2010 shu ju ku cheng xu she ji shi jian jiao cheng@f梁银山,顾煜新主编
210    @a北京@c中国水利水电出版社@d2016.2@h2017.1
215    @a223页@d26cm
330    @a本书以Access 2010为环境,内容包括与《Access 2010数据库程序设计》各章节相配套,由实验指导、习题和综合测试组成,覆盖了教程各章节的知识点。习题部分配有自我检测题及习题答案,使读者对教程加深理解;实验指导部分给出了详细的操作步骤和实验结果;综合测试部分对每一道题目给出功能要求和精确的题解,检测学生综合运用所学知识的能力。
610 0  @a关系数据库@x数据库管理系统,Access 2010@x高等学校@j教材
610 0  @aAccess
690    @aTP311.132.3@v5
690    @aTP311.138AC@v5
701  0 @a梁银山@9liang yin shan@4主编
701  0 @a顾煜新@9gu yu xin@4主编
801  0 @aCN@b91MARC@c20171020
905    @b1031935-9@dTP311.132.3@f5@e1148
    
    Access 2010数据库程序设计实践教程/梁银山,顾煜新主编.-北京:中国水利水电出版社,2016.2(2017.1)
    223页;26cm
    
    
    ISBN 978-7-5170-4098-9:CNY30.00
    本书以Access 2010为环境,内容包括与《Access 2010数据库程序设计》各章节相配套,由实验指导、习题和综合测试组成,覆盖了教程各章节的知识点。习题部分配有自我检测题及习题答案,使读者对教程加深理解;实验指导部分给出了详细的操作步骤和实验结果;综合测试部分对每一道题目给出功能要求和精确的题解,检测学生综合运用所学知识的能力。
●
相关链接 在E读中查询图书 在五车中查询图书 在当当中查询图书 在豆瓣中查询图书


正题名:Access 2010数据库程序设计实践教程     索取号:TP311.132.3/1148         预约/预借

序号 登录号 条形码 馆藏地/架位号 状态 备注
1 1031935   210319350   第二样本阅览室/ [索取号:TP311.132.3/1148] 在馆    
2 1031936   210319369   密集书库—计算机科学学院/ [索取号:TP311.132.3/1148] 在馆    
3 1031937   210319378   第三借阅区/ [索取号:TP311.132.3/1148] 在馆    
4 1031938   210319387   第三借阅区/ [索取号:TP311.132.3/1148] 在馆    
5 1031939   210319396   第三借阅区/ [索取号:TP311.132.3/1148] 在馆    
唐山师范学院图书馆 欢迎您!
大连网信软件有限公司© 版权所有